[Event "Barquisimeto Steinitz Memorial"]
[Site "Barquisimeto"]
[Date "2017.08.19"]
[Round "4"]
[White "Alvarez Colmenares, Jose Luis"]
[Black "Pena Gonzalez, Clara Isabel"]
[Result "1-0"]
[WhiteElo "1901"]
[BlackElo "1618"]
[PlyCount "55"]
[EventDate "2017.08.18"]
[EventType "swiss"]
[EventRounds "6"]
[EventCountry "VEN"]
[SourceTitle "CBM 180 Extra"]
[Source "ChessBase"]
[SourceDate "2017.10.06"]
[SourceVersion "1"]
[SourceVersionDate "2017.10.06"]
[SourceQuality "1"]

1. d4 Nf6 2. c4 g6 3. Nc3 d5 4. cxd5 Nxd5 5. Bd2 Bg7 6. e4 Nb4 7. Qa4+ N8c6 8. d5 Bd7 9. dxc6 Nxc6 10. Nf3 a6 11. Be2 Rb8 12. 0-0 0-0 13. Qc2 Qc8 14. Bf4 e5 15. Be3 Ne7 16. Bc5 Qd8 17. Nd5 Re8 18. Nxe7+ Rxe7 19. Bxe7 Qxe7 20. Rfd1 Be8 21. Rac1 c6 22. Qd2 Bf8 23. Bc4 h6 24. h4 Kh7 25. h5 g5 26. Nh2 b5 27. Bb3 a5 28. Qxa5 1-0

[Event "Caracas FVA 80th Ann"]
[Site "Caracas"]
[Date "2015.12.17"]
[Round "3"]
[White "Alvarez Colmenares, Jose Luis"]
[Black "Bobadilla Viera, Jorge Samuel"]
[Result "0-1"]
[WhiteElo "1876"]
[BlackElo "2094"]
[PlyCount "72"]
[EventDate "2015.12.16"]
[EventType "swiss"]
[EventRounds "8"]
[EventCountry "VEN"]
[SourceTitle "EXT 2018"]
[Source "ChessBase"]
[SourceDate "2017.10.13"]
[SourceVersion "1"]
[SourceVersionDate "2017.10.13"]
[SourceQuality "1"]

1. d4 Nf6 2. c4 g6 3. Nc3 Bg7 4. e4 0-0 5. Nf3 d6 6. Be2 Nbd7 7. 0-0 e5 8. dxe5 dxe5 9. Qc2 c6 10. Rd1 Qe7 11. h3 Nh5 12. Bg5 Bf6 13. Qd2 Bxg5 14. Qxg5 f6 15. Qd2 Nf4 16. Bf1 Nc5 17. b4 Nce6 18. Qd6 Qxd6 19. Rxd6 Kf7 20. Rad1 Ke7 21. R6d2 g5 22. g3 Ng6 23. c5 h5 24. Na4 g4 25. Ne1 Ng5 26. hxg4 Bxg4 27. f3 Be6 28. Nb2 h4 29. Nc4 hxg3 30. Nd6 Nh4 31. Bg2 Rab8 32. Rd3 Rfd8 33. a4 Rh8 34. b5 Nxg2 35. Kxg2 Nh3 36. Kxg3 Rbg8+ 0-1

[Event "Falcon Garcia Memorial 9th"]
[Site "Falcon"]
[Date "2014.11.07"]
[Round "2"]
[White "Ledezma Borregales, Daniel Jose"]
[Black "Alvarez Colmenares, Jose Luis"]
[Result "1-0"]
[WhiteElo "2067"]
[BlackElo "1800"]
[PlyCount "79"]
[EventDate "2014.11.06"]
[EventType "swiss"]
[EventRounds "7"]
[EventCountry "VEN"]
[SourceTitle "CBM 163 Extra"]
[Source "ChessBase"]
[SourceDate "2014.12.23"]
[SourceVersion "1"]
[SourceVersionDate "2014.12.23"]
[SourceQuality "1"]

1. e4 c5 2. Nf3 d6 3. d4 cxd4 4. Nxd4 Nf6 5. Nc3 a6 6. Be2 e6 7. 0-0 Be7 8. f4 Nc6 9. Kh1 0-0 10. Bf3 e5 11. Nf5 Bxf5 12. exf5 Qc8 13. g4 exf4 14. g5 Nd7 15. Bxf4 Nce5 16. Nd5 Bd8 17. f6 gxf6 18. Nxf6+ Nxf6 19. gxf6 Bxf6 20. Qxd6 Qf5 21. Bxb7 Rad8 22. Bxe5 Bxe5 23. Rxf5 Bxd6 24. Bxa6 f6 25. Rd1 Be5 26. Rxd8 Rxd8 27. b4 Rd2 28. Bd3 Rxh2+ 29. Kg1 Rh4 30. c4 Rd4 31. Rf3 h5 32. a4 Kf7 33. a5 h4 34. a6 Bb8 35. Kf2 Ba7 36. Ke2 Rg4 37. Kd2 Rg2+ 38. Kc3 Ke6 39. c5 Rg7 40. Kc4 1-0